KOHA-Header-6

Time and Logic a computational approach (Record no. 10241)

000 -LEADER
fixed length control field 00272nam a2200109Ia 4500
100 ## - MAIN ENTRY--AUTHOR NAME
Personal name Bole,Leonard
245 #0 - TITLE STATEMENT
Title Time and Logic a computational approach
260 ## - PUBLICATION, DISTRIBUTION, ETC. (IMPRINT)
Place of publication USA
Name of publisher McGraw -Hill
Year of publication 2002
300 ## - PHYSICAL DESCRIPTION
Number of Pages 881
942 ## - ADDED ENTRY ELEMENTS (KOHA)
Koha item type Books

No items available.

Powered by Koha